Nouvelle flore de l'Algérie et des régions désertiques meridionales,

Saved in:
Bibliographic Details
Main Author: Quézel, P.
Other Authors: Santa, S., (joint author.)
Format: Book
Language:French
Published: Paris, Editions du Centre National de la recherche scientifique, 1962-
Subjects:
Tags: Add Tag
No Tags, Be the first to tag this record!
LEADER 00721nam a2200205I 4500
001 006352003-6
005 20150612144842.0
008 740613s1962 fr 000 0 fre d
035 0 |a ocm00917347 
040 |a YNG  |c YNG  |d BOH 
090 |a QK405  |b .Q4 
100 1 |a Quézel, P.  |q (Pierre) 
245 1 0 |a Nouvelle flore de l'Algérie et des régions désertiques meridionales,  |c par P. Quezel et S. Santa, avec la collaboration technique de O. Schotter. Préface du L. Emberger. 
260 |a Paris,  |b Editions du Centre National de la recherche scientifique,  |c 1962- 
300 |a v.  |b illus.  |c 24 cm. 
650 0 |a Plants  |z Algeria. 
650 0 |a Plants  |z Sahara. 
700 1 |a Santa, S.,  |e joint author. 
988 |a 20020608 
906 |0 OCLC